| 000 | 00488nam a2200193Ia 4500 | ||
|---|---|---|---|
| 005 | 20230329090346.0 | ||
| 008 | 131103s9999 xx 000 0 und d | ||
| 040 | _aLoreto College | ||
| 041 | _aEnglish | ||
| 082 |
_a891.444 _bBHA |
||
| 100 | _aBhattacharjee, Sourin | ||
| 245 |
_aAdhunikatar sadh-ahlad _cSourin Bhattacharjee |
||
| 260 |
_aCalcutta _bTalpata _c2007 |
||
| 300 | _a368p | ||
| 650 | _aBengali Essays | ||
| 651 | _aEssays in Bengali | ||
| 850 | _aLCLIB | ||
| 942 | _cBK | ||
| 999 |
_c19013 _d69492 |
||